<?xml version="1.0" encoding="UTF-8"?><?xml-stylesheet type="text/xsl" href="static/style.xsl"?><OAI-PMH xmlns="http://www.openarchives.org/OAI/2.0/" xmlns:xsi="http://www.w3.org/2001/XMLSchema-instance" xsi:schemaLocation="http://www.openarchives.org/OAI/2.0/ http://www.openarchives.org/OAI/2.0/OAI-PMH.xsd"><responseDate>2026-04-14T06:52:09Z</responseDate><request verb="GetRecord" identifier="oai:www.recercat.cat:2072/428360" metadataPrefix="marc">https://recercat.cat/oai/request</request><GetRecord><record><header><identifier>oai:recercat.cat:2072/428360</identifier><datestamp>2025-02-03T14:31:56Z</datestamp><setSpec>com_2072_98</setSpec><setSpec>col_2072_378192</setSpec></header><metadata><record xmlns="http://www.loc.gov/MARC21/slim" xmlns:dcterms="http://purl.org/dc/terms/" xmlns:xsi="http://www.w3.org/2001/XMLSchema-instance" xmlns:doc="http://www.lyncode.com/xoai" xsi:schemaLocation="http://www.loc.gov/MARC21/slim http://www.loc.gov/standards/marcxml/schema/MARC21slim.xsd">
   <leader>00925njm 22002777a 4500</leader>
   <datafield ind2=" " ind1=" " tag="042">
      <subfield code="a">dc</subfield>
   </datafield>
   <datafield ind2=" " ind1=" " tag="720">
      <subfield code="a">Martínez, Maria</subfield>
      <subfield code="e">author</subfield>
   </datafield>
   <datafield ind2=" " ind1=" " tag="260">
      <subfield code="c">2018</subfield>
   </datafield>
   <datafield ind2=" " ind1=" " tag="520">
      <subfield code="a">La identidad colectiva ha sido conceptualizada por las teorías de los movimientos sociales principalmente como una definición. En este texto, apoyada en las teorías feministas, argumento que esa conceptualización de la identidad colectiva, además de no atender a otras dimensiones centrales de éstas -principalmente las relaciones y las emociones-, limita su carácter procesual. Este argumento se sostiene en el estudio de las movilizaciones feministas contemporáneas en el Estado español a través de un trabajo de campo cualitativo (entrevistas quasi-biográficas, grupos de discusión, observaciones participantes y análisis de materiales escritos y gráficos). El análisis permite tanto la ampliación de las dimensiones de las identidades colectivas -de las definiciones a las relaciones y emociones- como, principalmente, la radicalización de la procesualidad al proponer los conceptos de reiteración y activación. Realizo así una propuesta teórico-analítica que entiende que las identidades colectivas no son más que materializaciones parciales, procesos siempre inacabados.</subfield>
   </datafield>
   <datafield ind2=" " ind1=" " tag="520">
      <subfield code="a">Collective identity has been conceptualized by social movement theories mainly as a definition. In this text, based in feminist theories, I argue that the conceptualization of collective identity as a definition forgets other fundamental dimensions -mainly relations and emotions- and, moreover, limits its processual character. This argument is based on the study of contemporary feminist mobilizations in Spain through a qualitative fieldwork (quasi-biographical interviews, focus groups, participant observations and the analysis of written and graphic materials). The analysis allows the widening of dimensions of collective identities -from definitions to relations and emotions- as well as the radicalization of their processuality by placing the notions of iteration and activation at the heart of the analysis. I offer a theoretical-analytical proposal that understands that collective identities are but partial materializations, always unfinished processes.</subfield>
   </datafield>
   <datafield tag="653" ind2=" " ind1=" ">
      <subfield code="a">Identidad colectiva</subfield>
   </datafield>
   <datafield tag="653" ind2=" " ind1=" ">
      <subfield code="a">Movilizaciones feministas</subfield>
   </datafield>
   <datafield tag="653" ind2=" " ind1=" ">
      <subfield code="a">Relaciones</subfield>
   </datafield>
   <datafield tag="653" ind2=" " ind1=" ">
      <subfield code="a">Emociones</subfield>
   </datafield>
   <datafield tag="653" ind2=" " ind1=" ">
      <subfield code="a">Collective identity</subfield>
   </datafield>
   <datafield tag="653" ind2=" " ind1=" ">
      <subfield code="a">Feminist mobilizations</subfield>
   </datafield>
   <datafield tag="653" ind2=" " ind1=" ">
      <subfield code="a">Relations</subfield>
   </datafield>
   <datafield tag="653" ind2=" " ind1=" ">
      <subfield code="a">Emotions</subfield>
   </datafield>
   <datafield ind2="0" ind1="0" tag="245">
      <subfield code="a">Reiteraciones relacionales y activaciones emocionales : hacia una radicalización de la procesualidad de las identidades colectivas</subfield>
   </datafield>
</record></metadata></record></GetRecord></OAI-PMH>